| 000 | 00608nam a2200205 4500 | ||
|---|---|---|---|
| 001 | 127746 | ||
| 003 | ES-MaACL | ||
| 005 | 20260528172346.0 | ||
| 007 | t| | ||
| 008 | 070214s1955 sp r ||||1| spa d | ||
| 100 | 0 |
_aRinser, Luise, _d1911-2002 _997293 |
|
| 245 | 1 | 1 |
_a"Konnersreuth` _b: (últimos testimonios sobre la vida de Teresa Neumann) / _cLuise Rinser. |
| 260 |
_aSan Sebastián : _bDinor, _c1955. |
||
| 300 |
_a176 p., 5 lám. ; _c19 cm. |
||
| 490 | 1 | _aPrisma | |
| 500 | _aVersión directa del alemán. | ||
| 830 | 0 | 0 |
_aPrisma _9180749 |
| 852 |
_aES-MaACL _jC-10600 _bR.38292 |
||
| 999 |
_c127746 _d127746 |
||